Atlas de especies en peligro / (Registro nro. 6758)

000 -CABECERA
campo de control de longitud fija 00842nam a2200253 u 4500
001 - NÚMERO DE CONTROL
campo de control 000057490
005 - FECHA Y HORA DE LA ÚLTIMA TRANSACCIÓN
campo de control 20200120223633.0
008 - DATOS DE LONGITUD FIJA--INFORMACIÓN GENERAL
campo de control de longitud fija 130604s2008 ck a r 000 0 spa d
020 ## - NÚMERO INTERNACIONAL ESTÁNDAR DEL LIBRO
Número Internacional Estándar del Libro 9789583027956
041 0# - CÓDIGO DE LENGUA
Código de lengua del texto/banda sonora o título independiente *spa
Código de lengua original eng
043 ## - CÓDIGO DE ÁREA GEOGRÁFICA
Código de área geográfica s-ck---
082 04 - NÚMERO DE LA CLASIFICACIÓN DECIMAL DEWEY
Número de clasificación R 591.5
Número de documento/Ítem M67a
Número de edición 21
100 1# - ENTRADA PRINCIPAL--NOMBRE DE PERSONA
Nombre de persona Morgan, Sally
245 10 - MENCIÓN DE TÍTULO
Título Atlas de especies en peligro /
Mención de responsabilidad, etc. Sally Morgan ; traducción Fernando Bort.
250 ## - MENCIÓN DE EDICIÓN
Mención de edición 1a. ed.
260 ## - PUBLICACIÓN, DISTRIBUCIÓN, ETC.
Lugar de publicación, distribución, etc. Bogotá :
Nombre del editor, distribuidor, etc. Panamericana,
Fecha de publicación, distribución, etc. 2008.
300 ## - DESCRIPCIÓN FÍSICA
Extensión 96 p. :
Otras características físicas il.
500 ## - NOTA GENERAL
Nota general Título en la carátula : Atlas de especies en peligro, una guía completa e las especies en peligro y sus hábitats
500 ## - NOTA GENERAL
Nota general Título original : Atlas of endangered species
650 14 - PUNTO DE ACCESO ADICIONAL DE MATERIA--TÉRMINO DE MATERIA
Término de materia o nombre geográfico como elemento de entrada Especies en peligro
650 24 - PUNTO DE ACCESO ADICIONAL DE MATERIA--TÉRMINO DE MATERIA
Término de materia o nombre geográfico como elemento de entrada Conservación de la vida silvestre
650 17 - PUNTO DE ACCESO ADICIONAL DE MATERIA--TÉRMINO DE MATERIA
Término de materia o nombre geográfico como elemento de entrada Animales
700 1# - PUNTO DE ACCESO ADICIONAL--NOMBRE DE PERSONA
Nombre de persona Bort Misol, Fernando
Término indicativo de función/relación tr.
Existencias
Estado de retiro Estado de pérdida Fuente del sistema de clasificación o colocación Estado dañado No para préstamo Código de colección Localización permanente Ubicación/localización actual Fecha de adquisición Número de inventario Total de préstamos Signatura topográfica completa Código de barras Fecha visto por última vez Número de copia Precio válido a partir de Tipo de ítem Koha Nota pública
          Referencia Biblioteca Pública San Juan Bosco Biblioteca Pública San Juan Bosco 20/01/2020 111233   R 591.5 M67a MOS010918 20/01/2020 ej.1 20/01/2020 Referencia Préstamo en sala
          Referencia Biblioteca Pública San Juan Bosco Biblioteca Pública San Juan Bosco 20/01/2020 111234   R 591.5 M67a MOS010919 20/01/2020 ej.2 20/01/2020 Referencia Préstamo en sala
          Referencia Biblioteca Pública San Juan Bosco Biblioteca Pública San Juan Bosco 20/01/2020 111235   R 591.5 M67a MOS010920 20/01/2020 ej.3 20/01/2020 Referencia Préstamo en sala

© Todos los derechos reservados para la Biblioteca Pública Municipal San Juan Bosco, 2020
Secretaria de Cultura de Mosquera
Carrera 3 N° 10 Esquina Centro Cultural Barrio El Carmén Teléfono: 8270830 Ext: 34
Funcionando con KOHA
Contacto: Biblioteca Pública Municipal San Juan Bosco/ bibliotecasanjuanbosco@mosquera-cundinamarca.gov.co
Mosquera, Cundinamarca